000 01914nam a2200421Ia 4500
005 20220317001022.0
008 160825s2008 ck a g 000 0 spa
020 _a97895830057012
245 1 0 _aCuentos costumbristas colombianos
_cselección y notas Carlos Nicolás Hernández y Clara Mejía ; ilustrado por Eric Nieto Torres
250 _a1a. edición
_b3a. reimpresión
300 _a254 páginas
_bilustraciones
_c20 cm
490 _aLetras latinoamericanas
505 _aUna ronda de don Ventura Ahumada -- Eugenio Díaz Castro -- San Antoñito -- Tomás Carrasquilla -- Que pase el aserrador -- Jesús del Corral -- El machete -- Julio Posada -- Trovando con el diablo -- Wenceslao Montoya -- Sansón Montañés -- Alfonso Castro -- El último ariero -- Tulio González -- La cabra de Nubia -- Jesús Zárate Moreno -- Gallera -- Alejandro Álvarez -- El trapo rojo -- Enrique Uribe White -- La uña de la gran bestia -- José Francisco Socarrás
650 1 4 _2LEMB
_aCuentos juveniles colombianos
650 1 4 _2LEMB
_aLiteratura juvenil colombiana
650 1 4 _2LEMB
_aVida cotidiana en la literatura
650 1 4 _2LEMB
_aDetectives en la literatura
650 1 4 _2LEMB
_aClérigos en la literatura
650 1 4 _2LEMB
_aDiablo en la literatura
740 0 2 _aUna ronda de don Ventura Ahumada
740 0 2 _aSan Antoñito
740 0 2 _aQue pase el aserrador
740 3 2 _aEl machete
740 0 2 _aTrovando con el diablo
740 0 2 _aSansón Montañés
740 3 2 _aEl último arriero
740 3 2 _aLa cabra de Nubia
740 0 2 _aGallera
740 3 2 _aEl trapo rojo
740 3 2 _aLa uña de la gran bestia
942 _2loc
_cBKLIT
264 _aBogotá
_bPanamericana
_c2008
336 _atexto
_btxt
_2rdacontent
337 _asin mediación
_bn
_2rdamedia
338 _avolumen
_bnc
_2rdacarrier
040 _aCO-BoRNBP
_bspa
_erda
_cCO-BoRNBP
084 _aC CUE28
999 _c5687
_d5687